| 000 | 00333nam a22001331a 4500 | ||
|---|---|---|---|
| 082 |
_aS 294.5 _bAMR/K |
||
| 100 | _aAmritnath Jha M M | ||
| 245 |
_aKrityasarasamuchaya/ _cby Amritnath Jha M M |
||
| 260 |
_aVaranasi: _bChaukambha Sanskrit Sanstan, _c2000. |
||
| 300 | _a260p. | ||
| 650 | _aHinduism | ||
| 650 | _aReligion | ||
| 942 | _cBK | ||
| 999 |
_c24649 _d24649 |
||